000 00699nam a2200193Ii 4500
003 JO-AjNU
008 230605s9999||||xx |||||||||||||| ||und||
040 _aJO-AjNU
_bara
_erda
_cJO-AjNU
041 _aara
050 1 4 _aHM261 .A2436
100 3 _a الإبياري، فتحي ,
_eauthor
_945818
245 0 0 _aالرأي العام والمخطط الصهيوني
264 3 1 _aالاسكندرية: دار المعرفة الجامعية
300 _a163ص
_bيحتوي على ببلوغرافية من 155-163ص
336 _atext
_btxt
_2rdacontent
337 _aunmediated
_bn
_2rdamedia
338 _avolume
_bnc
_2rdacarrier
650 4 _aالراي العام - الصهيونية
_945819
999 _aA19888
_c23456
_d23456